[Event "41st Olympiad Women 2014"]
[Site "Tromso NOR"]
[Date "2014.08.10"]
[Round "8.12"]
[White "Fernandez, Maria Florencia"]
[Black "Unuk, Laura"]
[Result "1/2-1/2"]
[WhiteElo "2218"]
[BlackElo "2221"]
[PlyCount "136"]
[EventDate "2014.08.02"]

1. d4 d5 2. c4 c6 3. cxd5 cxd5 4. Nc3 Nf6 5. Bf4 Nc6 6. e3 a6 7. Bd3 Bg4 8. f3
Bh5 9. Nge2 e6 10. Rc1 Bd6 11. Bg5 Qa5 12. Nf4 Bg6 13. O-O Nb4 14. Bxg6 hxg6
15. a3 Nc6 16. Nh3 Qc7 17. Bf4 g5 18. Bxd6 Qxd6 19. b4 b5 20. Nb1 e5 21. Qc2
Kd7 22. Qf5+ Qe6 23. Qxe6+ fxe6 24. Nxg5 exd4 25. Nxe6 dxe3 26. Nxg7 Nd4 27.
Rfe1 Rag8 28. Rcd1 Nxf3+ 29. gxf3 Rxg7+ 30. Kh1 Nh5 31. Rxd5+ Ke6 32. Rxh5 Rxh5
33. Rxe3+ Kf5 34. Nd2 Rh6 35. Nf1 Kf4 36. Rd3 Rg8 37. Rc3 Rd8 38. Kg2 Rd1 39.
Rb3 Rc6 40. Rb2 Rc3 41. Ng3 Rxf3 42. a4 Rdd3 43. axb5 axb5 44. Re2 Rde3 45. Rc2
Rxg3+ 46. hxg3+ Rxg3+ 47. Kf2 Rb3 48. Ke2 Ke4 49. Kd2 Kd4 50. Rc8 Rb2+ 51. Kc1
Rxb4 52. Rh8 Rb3 53. Kc2 Rg3 54. Kb2 Kc5 55. Rh5+ Kb6 56. Rh6+ Ka5 57. Rh4 Rf3
58. Rg4 Rh3 59. Rf4 Rh5 60. Rg4 b4 61. Rg8 Ka4 62. Ra8+ Kb5 63. Rb8+ Kc4 64.
Rc8+ Rc5 65. Rh8 Rc6 66. Rh4+ Kb5 67. Rh8 Kc4 68. Rh4+ Kb5 1/2-1/2

[Event "41st Olympiad Women 2014"]
[Site "Tromso NOR"]
[Date "2014.08.10"]
[Round "8.12"]
[White "Novak, Ksenija"]
[Black "Zuriel, Marisa"]
[Result "0-1"]
[WhiteElo "2074"]
[BlackElo "2235"]
[PlyCount "70"]
[EventDate "2014.08.02"]

1. Nf3 c5 2. c4 g6 3. e4 Nc6 4. d4 cxd4 5. Nxd4 Bg7 6. Be3 Nf6 7. Nc3 d6 8. Be2
O-O 9. O-O Bd7 10. h3 a5 11. Ndb5 Nb4 12. a3 Na6 13. f4 Bc6 14. Bf3 Nd7 15. Rb1
Nb6 16. Qe2 Rc8 17. Na7 Ra8 18. Nxc6 bxc6 19. e5 Qc7 20. exd6 exd6 21. Qd3 Nc5
22. Bxc5 dxc5 23. Qe4 Bd4+ 24. Kh1 Nxc4 25. Qd3 Ne3 26. Rfe1 Nf5 27. Ne2 Rad8
28. Nxd4 Rxd4 29. Qc3 Nh4 30. Re5 Rxf4 31. Rxc5 Rxf3 32. gxf3 Qg3 33. Qc2 Qxh3+
34. Kg1 Qg3+ 35. Kh1 Nxf3 0-1

[Event "41st Olympiad Women 2014"]
[Site "Tromso NOR"]
[Date "2014.08.11"]
[Round "9.5"]
[White "Vega Gutierrez, Sabrina"]
[Black "Lujan, Carolina"]
[Result "1-0"]
[WhiteElo "2395"]
[BlackElo "2367"]
[PlyCount "57"]
[EventDate "2014.08.02"]

1. e4 d6 2. d4 Nf6 3. Nc3 g6 4. Bg5 h6 5. Be3 Bg7 6. h3 c6 7. g4 Qa5 8. Qd2 b5
9. Bg2 b4 10. Nce2 Bb7 11. Ng3 Nbd7 12. a3 c5 13. N1e2 Qb5 14. O-O Nb6 15. b3
Nfd7 16. axb4 cxb4 17. Rfc1 e5 18. Bf1 Nf6 19. dxe5 Qxe5 20. Bf4 Qe7 21. Bxd6
Nxe4 22. Nxe4 Qxe4 23. Ng3 Qd5 24. Qe2+ Qe6 25. Qb5+ Qd7 26. Rxa7 Rxa7 27. Re1+
Kd8 28. Qxb6+ Kc8 29. Bb5 1-0

[Event "41st Olympiad Women 2014"]
[Site "Tromso NOR"]
[Date "2014.08.11"]
[Round "9.5"]
[White "Amura, Claudia"]
[Black "Alexandrova, Olga"]
[Result "1/2-1/2"]
[WhiteElo "2282"]
[BlackElo "2424"]
[PlyCount "127"]
[EventDate "2014.08.02"]

1. d4 e6 2. g3 c5 3. Nf3 cxd4 4. Nxd4 d5 5. Bg2 Nf6 6. O-O e5 7. Nb3 Be6 8. Nc3
Be7 9. Bg5 Nbd7 10. f4 d4 11. Ne4 Nxe4 12. Bxe7 Qxe7 13. Bxe4 Nf6 14. Qd3 O-O
15. fxe5 Nxe4 16. Qxe4 Bxb3 17. axb3 Qc5 18. b4 Qb6 19. Kg2 Rac8 20. Rad1 Qxb4
21. c3 Qxb2 22. cxd4 Rc2 23. Rf2 Qb3 24. Rd3 Qc4 25. Qf3 Qc7 26. e6 Qe7 27. Re3
Rcc8 28. Qg4 fxe6 29. Rxf8+ Rxf8 30. Rxe6 Qf7 31. Kh3 a5 32. d5 a4 33. Qxa4
Qh5+ 34. Qh4 Qxd5 35. Qe4 Qxe4 36. Rxe4 b5 37. Kg4 Rb8 38. Rb4 Kf7 39. Kf5 g6+
40. Ke5 Re8+ 41. Kf4 Rxe2 42. Rxb5 Rxh2 43. Rb6 Rf2+ 44. Kg4 Kg7 45. Rb7+ Rf7
46. Rb5 Rc7 47. Rb4 h5+ 48. Kh3 Rc3 49. Rb5 Re3 50. Ra5 Kh6 51. Ra6 Re5 52. Rb6
Kg5 53. Ra6 Kf5 54. Ra4 g5 55. g4+ hxg4+ 56. Rxg4 Re3+ 57. Rg3 g4+ 58. Kg2 Re2+
59. Kf1 Rb2 60. Ra3 Kf4 61. Kg1 Kg5 62. Rc3 Kh4 63. Ra3 g3 64. Ra8 1/2-1/2

[Event "41st Olympiad Women 2014"]
[Site "Tromso NOR"]
[Date "2014.08.11"]
[Round "9.5"]
[White "Matnadze, Ana"]
[Black "Fernandez, Maria Florencia"]
[Result "1-0"]
[WhiteElo "2385"]
[BlackElo "2218"]
[PlyCount "93"]
[EventDate "2014.08.02"]

1. d4 Nf6 2. Nf3 g6 3. g3 Bg7 4. Bg2 O-O 5. O-O d6 6. c4 Nc6 7. Nc3 Bf5 8. d5
Na5 9. Nd4 Bd7 10. b3 c5 11. Nc2 a6 12. Rb1 Rb8 13. Qd3 b5 14. Bb2 Qc8 15. Ba1
Ng4 16. f4 Qc7 17. h3 Nf6 18. e4 bxc4 19. bxc4 Rxb1 20. Rxb1 Rb8 21. Ne3 Nh5
22. Ne2 Bxa1 23. Rxa1 Rb4 24. g4 Nf6 25. Qc3 Nxc4 26. a3 Nxa3 27. Rxa3 a5 28.
e5 Ne8 29. e6 Bb5 30. exf7+ Kxf7 31. Ng3 a4 32. Ne4 Kg8 33. f5 Rd4 34. fxg6
hxg6 35. Nf2 Nf6 36. Bf3 Nd7 37. Nc2 Rc4 38. Qd2 Ne5 39. Be2 Qb6 40. Bxc4 Bxc4
41. Kg2 Bb3 42. Ne3 c4 43. Ra1 Qb5 44. Ne4 Nd3 45. Rf1 a3 46. Qc3 Qb6 47. Rf8+
1-0

[Event "41st Olympiad Women 2014"]
[Site "Tromso NOR"]
[Date "2014.08.11"]
[Round "9.5"]
[White "Zuriel, Marisa"]
[Black "Aranaz Murillo, Amalia"]
[Result "0-1"]
[WhiteElo "2235"]
[BlackElo "2314"]
[PlyCount "54"]
[EventDate "2014.08.02"]

1. e4 c6 2. d4 d5 3. e5 Bf5 4. Nf3 e6 5. Be2 Be7 6. O-O h5 7. Ne1 h4 8. Nd2 Nh6
9. Nb3 Nd7 10. a4 Qc7 11. Nd3 g5 12. Bd2 Rg8 13. a5 a6 14. Rc1 O-O-O 15. Bb4
Bxb4 16. Nxb4 f6 17. c4 dxc4 18. Bxc4 Nxe5 19. Bxa6 Nhg4 20. f4 gxf4 21. Qe2 f3
22. Bxb7+ Qxb7 23. Rxf3 Nxf3+ 24. Qxf3 Qxb4 25. Rxc6+ Kd7 26. Rc3 Rc8 27. Nc5+
Rxc5 0-1

[Event "41st Olympiad Women 2014"]
[Site "Tromso NOR"]
[Date "2014.08.12"]
[Round "10.12"]
[White "Lujan, Carolina"]
[Black "Milovic, Aleksandra"]
[Result "1/2-1/2"]
[WhiteElo "2367"]
[BlackElo "2170"]
[PlyCount "96"]
[EventDate "2014.08.02"]

1. e4 d5 2. exd5 Qxd5 3. Nc3 Qd8 4. d4 Nf6 5. Nf3 Bg4 6. h3 Bxf3 7. Qxf3 c6 8.
Be3 e6 9. Bd3 Nbd7 10. O-O Bd6 11. Rfe1 Qc7 12. a3 O-O 13. Ne4 Nxe4 14. Qxe4 g6
15. c4 c5 16. b4 b6 17. Rab1 Rab8 18. Qh4 Rfe8 19. Bh6 Bf8 20. Bf4 Bd6 21. Bh6
Bf8 22. dxc5 bxc5 23. b5 Bxh6 24. Qxh6 Nb6 25. h4 Rbd8 26. Re3 Rd4 27. h5 Qf4
28. Qxf4 Rxf4 29. hxg6 hxg6 30. Re5 Rd8 31. Bf1 Na4 32. Rbe1 Kg7 33. g3 Rf3 34.
R5e3 Rxe3 35. Rxe3 Kf6 36. Rb3 Rd2 37. Rf3+ Ke7 38. Kg2 f5 39. g4 Kf6 40. gxf5
gxf5 41. Rh3 Rd7 42. f4 Rg7+ 43. Kf2 Ke7 44. Be2 Kd6 45. Bd1 Nb6 46. Be2 Na4
47. Bd1 Nb6 48. Be2 Na4 1/2-1/2

[Event "41st Olympiad Women 2014"]
[Site "Tromso NOR"]
[Date "2014.08.12"]
[Round "10.12"]
[White "Blagojevic, Tijana"]
[Black "Amura, Claudia"]
[Result "1/2-1/2"]
[WhiteElo "2095"]
[BlackElo "2282"]
[PlyCount "127"]
[EventDate "2014.08.02"]

1. e4 g6 2. d4 Bg7 3. Nc3 d6 4. f4 Nf6 5. Nf3 O-O 6. Bd3 Na6 7. O-O c5 8. e5
Nd7 9. Ne4 cxd4 10. exd6 Nac5 11. Re1 exd6 12. Nxd6 Nxd3 13. cxd3 Nb6 14. Nxc8
Rxc8 15. f5 Qd7 16. fxg6 hxg6 17. Re4 Rfe8 18. Rh4 Nd5 19. Bd2 Ne3 20. Qb3 Nf5
21. Re4 Rxe4 22. dxe4 Nd6 23. Qd5 Qc6 24. Rc1 Qxd5 25. Rxc8+ Nxc8 26. exd5 Kf8
27. Bb4+ Ke8 28. Kf2 Kd7 29. Bc5 b6 30. Bxd4 Bxd4+ 31. Nxd4 Kd6 32. Ke3 Kxd5
33. Nf3 Nd6 34. Kf4 Ke6 35. h4 a5 36. a4 Nb7 37. Ng5+ Kd5 38. Nxf7 Nc5 39. Kg5
Nxa4 40. Kxg6 Nxb2 41. h5 a4 42. h6 a3 43. h7 a2 44. h8=Q a1=Q 45. Qe5+ Kc6 46.
Nd8+ Kd7 47. Qd5+ Kc8 48. Ne6 Qb1+ 49. Kf6 Nd3 50. Qa8+ Kd7 51. Qa4+ Kd6 52.
Qd4+ Kc6 53. Ke7 Qb4+ 54. Qxb4 Nxb4 55. g4 Nd3 56. g5 Ne5 57. Kf6 Kd6 58. Nd4
Nd7+ 59. Kf7 Ne5+ 60. Kf6 Nd7+ 61. Kf5 Nf8 62. Nb5+ Ke7 63. Nc7 Kf7 64. Nb5
1/2-1/2

[Event "41st Olympiad Women 2014"]
[Site "Tromso NOR"]
[Date "2014.08.12"]
[Round "10.12"]
[White "Zuriel, Marisa"]
[Black "Stojanovic, Marija R"]
[Result "1/2-1/2"]
[WhiteElo "2235"]
[BlackElo "2100"]
[PlyCount "66"]
[EventDate "2014.08.02"]

1. e4 c5 2. Nf3 d6 3. d4 cxd4 4. Nxd4 Nf6 5. Nc3 a6 6. h3 e6 7. g4 Nc6 8. Bg2
Qc7 9. O-O Be7 10. Nde2 h6 11. Be3 Bd7 12. Qd2 Na5 13. b3 O-O 14. g5 hxg5 15.
Bxg5 Rac8 16. Rad1 Rfd8 17. Qe3 Be8 18. Kh1 Qc5 19. Qxc5 dxc5 20. e5 Nd5 21.
Bxe7 Nxe7 22. Ne4 Nf5 23. N2g3 Nxg3+ 24. Nxg3 Bc6 25. f4 Bxg2+ 26. Kxg2 Nc6 27.
c3 Ne7 28. c4 Nc6 29. Ne4 Nd4 30. Nd6 Rc7 31. Kf2 f6 32. Ne4 fxe5 33. fxe5 Rf8+
1/2-1/2

[Event "41st Olympiad Women 2014"]
[Site "Tromso NOR"]
[Date "2014.08.12"]
[Round "10.12"]
[White "Misovic, Sanja"]
[Black "Martinez, Ayelen"]
[Result "0-1"]
[WhiteElo "1862"]
[BlackElo "2121"]
[PlyCount "104"]
[EventDate "2014.08.02"]

1. d4 Nf6 2. Nf3 c5 3. e3 g6 4. c4 Bg7 5. Nc3 O-O 6. Be2 Nc6 7. O-O cxd4 8.
exd4 d5 9. Ne5 Be6 10. Nxc6 bxc6 11. c5 Rb8 12. Qa4 Qc7 13. g3 Qd7 14. Rd1 Bh3
15. b4 Ng4 16. f3 Nh6 17. Bf4 Nf5 18. b5 cxb5 19. Bxb5 Rxb5 20. Nxb5 Nxd4 21.
Rxd4 Bxd4+ 22. Qxd4 Qxb5 23. Bh6 e5 24. Qxe5 Qxc5+ 25. Be3 Qb5 26. Bd4 f6 27.
Qe7 Rf7 28. Qd8+ Rf8 29. Qe7 Rf7 30. Qd8+ Kg7 31. Re1 Qd3 32. Be3 Rd7 33. Qe8
d4 34. Bf2 Qxf3 35. Qe4 Qxe4 36. Rxe4 d3 37. Be3 d2 38. Bxd2 Rxd2 39. Re7+ Kh6
40. Rxa7 g5 41. a4 f5 42. a5 Rg2+ 43. Kh1 Ra2 44. Kg1 Kh5 45. Rxh7+ Kg4 46. Rb7
Rxa5 47. Rb4+ f4 48. gxf4 gxf4 49. Rb8 Ra1+ 50. Kf2 Rf1+ 51. Ke2 f3+ 52. Ke3
Re1+ 0-1

[Event "41st Olympiad Women 2014"]
[Site "Tromso NOR"]
[Date "2014.08.14"]
[Round "11.9"]
[White "Krush, Irina"]
[Black "Lujan, Carolina"]
[Result "1-0"]
[WhiteElo "2474"]
[BlackElo "2367"]
[PlyCount "91"]
[EventDate "2014.08.02"]

1. d4 f5 2. c4 Nf6 3. Nc3 e6 4. e3 d6 5. Bd3 e5 6. f3 g6 7. Nge2 Bg7 8. O-O O-O
9. b4 Nc6 10. a3 exd4 11. exd4 Nh5 12. Be3 f4 13. Bf2 Ne7 14. d5 Nf5 15. Bxf5
Rxf5 16. Ra2 Rg5 17. Kh1 Ng3+ 18. hxg3 fxg3 19. Bxg3 Rxg3 20. Nxg3 Qh4+ 21. Kg1
Bxc3 22. Ne2 Bg7 23. f4 Bg4 24. Qd3 Re8 25. Nd4 Re1 26. Raf2 Re7 27. Ne6 Bf5
28. Qd2 Bf6 29. Re2 c5 30. dxc6 bxc6 31. Qxd6 Bxe6 32. Rxe6 Bd4+ 33. Qxd4 Rxe6
34. Qxa7 Qg3 35. b5 cxb5 36. cxb5 Qb3 37. a4 Qb4 38. Kh2 Re4 39. b6 Re7 40.
Qa8+ Kg7 41. a5 Qb5 42. Rc1 Qh5+ 43. Kg1 Qh4 44. Rf1 Qh5 45. f5 gxf5 46. Qf3
1-0

[Event "41st Olympiad Women 2014"]
[Site "Tromso NOR"]
[Date "2014.08.14"]
[Round "11.9"]
[White "Amura, Claudia"]
[Black "Zatonskih, Anna"]
[Result "0-1"]
[WhiteElo "2282"]
[BlackElo "2466"]
[PlyCount "140"]
[EventDate "2014.08.02"]

1. d4 e6 2. c4 Nf6 3. Nc3 Bb4 4. Nf3 b6 5. g3 Bb7 6. Bg2 Bxc3+ 7. bxc3 O-O 8.
Ba3 d6 9. c5 dxc5 10. dxc5 Qxd1+ 11. Rxd1 Rc8 12. O-O Nbd7 13. Nd4 Bxg2 14.
Kxg2 bxc5 15. Nc6 Kf8 16. e4 Ke8 17. e5 Ng4 18. Rfe1 a5 19. h3 Nxf2 20. Kxf2
Ra6 21. Nd4 cxd4 22. Rxd4 Rc6 23. c4 Nb6 24. c5 Nd5 25. Rb1 Nb4 26. Bxb4 axb4
27. Rc4 Ra8 28. Rbxb4 Rxa2+ 29. Ke3 Ra1 30. Rb8+ Ke7 31. Rh8 Re1+ 32. Kf4 h6
33. h4 g5+ 34. Kg4 gxh4 35. gxh4 Rxe5 36. Rxh6 Rexc5 37. Rf4 Rc4 38. Rh8 Rxf4+
39. Kxf4 Kf6 40. Kg4 Kg7 41. Rc8 Rc1 42. Kg5 Rc5+ 43. Kg4 Kf6 44. Rh8 Rd5 45.
Rc8 c5 46. Rc6 Kg6 47. Rc8 Rd4+ 48. Kg3 c4 49. Rg8+ Kf6 50. h5 Rd1 51. Rc8 Kg5
52. Rc5+ Rd5 53. Rc7 Rf5 54. Rxc4 Kxh5 55. Rc8 Kg6 56. Kg4 Ra5 57. Kf4 f6 58.
Rc4 e5+ 59. Kg4 f5+ 60. Kh4 Ra6 61. Rb4 Kf6 62. Rc4 e4 63. Rc5 Ra1 64. Kg3 Kg5
65. Rc3 f4+ 66. Kh3 e3 67. Rc2 Kf5 68. Kg2 Kg4 69. Rb2 f3+ 70. Kh2 f2 0-1

[Event "41st Olympiad Women 2014"]
[Site "Tromso NOR"]
[Date "2014.08.14"]
[Round "11.9"]
[White "Abrahamyan, Tatev"]
[Black "Fernandez, Maria Florencia"]
[Result "1-0"]
[WhiteElo "2366"]
[BlackElo "2218"]
[PlyCount "129"]
[EventDate "2014.08.02"]

1. e4 e6 2. d4 d5 3. Nd2 Nc6 4. Ngf3 Nf6 5. e5 Nd7 6. c3 f6 7. Bb5 fxe5 8. dxe5
Be7 9. Qe2 O-O 10. Bd3 Qe8 11. O-O Qh5 12. Re1 a5 13. Nf1 b6 14. Ng3 Qe8 15.
Bd2 Nc5 16. Bb5 Ba6 17. Bxa6 Nxa6 18. c4 d4 19. Ne4 Qg6 20. Rad1 h6 21. Bc1
Rad8 22. a3 Nc5 23. Nxc5 bxc5 24. Rd3 a4 25. Red1 Na5 26. Nd2 Rf4 27. b3 axb3
28. Nxb3 Re4 29. Qc2 Nc6 30. f4 Rf8 31. Rf1 Nxe5 32. fxe5 Rxf1+ 33. Kxf1 Qf5+
34. Qf2 Re1+ 35. Kxe1 Qxd3 36. Qb2 Qxc4 37. Nd2 Qd5 38. Nf3 Qe4+ 39. Kf2 c4 40.
Qxd4 Qc2+ 41. Qd2 Bc5+ 42. Ke2 Qe4+ 43. Kd1 Bb6 44. Qe2 Qd5+ 45. Kc2 Qb5 46.
Nd2 Qa4+ 47. Kb1 Qb5+ 48. Ka2 Bd4 49. Qxc4 Qd7 50. Nf3 Bb6 51. Bb2 Kf7 52. Nd4
Qe7 53. a4 g5 54. Nc6 Qd7 55. a5 Bxa5 56. Nxa5 Qd2 57. Qf1+ Kg6 58. Nb3 Qd5 59.
Bd4 g4 60. Qf2 c5 61. Bxc5 Qxe5 62. Bd4 Qxh2 63. Qf6+ Kh5 64. Qf7+ Kg5 65. Be3+
1-0

[Event "41st Olympiad Women 2014"]
[Site "Tromso NOR"]
[Date "2014.08.14"]
[Round "11.9"]
[White "Zuriel, Marisa"]
[Black "Nemcova, Katerina"]
[Result "0-1"]
[WhiteElo "2235"]
[BlackElo "2315"]
[PlyCount "120"]
[EventDate "2014.08.02"]

1. e4 c5 2. Nf3 Nc6 3. d4 cxd4 4. Nxd4 e5 5. Nb5 a6 6. Nd6+ Bxd6 7. Qxd6 Qf6 8.
Qxf6 Nxf6 9. Nc3 Nb4 10. Kd2 d6 11. a3 Nc6 12. Ke1 Be6 13. Be3 Ne7 14. Bd3 d5
15. exd5 Nexd5 16. Bd2 Rc8 17. f3 Nxc3 18. Bxc3 Nd7 19. Kf2 f6 20. Rhe1 Kf7 21.
a4 Nc5 22. Bf1 Rhd8 23. g3 Bf5 24. Bc4+ Be6 25. Bf1 Bd7 26. Red1 Bf5 27. Bc4+
Ke8 28. Rdc1 Rd6 29. g4 Bd7 30. Bb4 Rd4 31. b3 Nxa4 32. bxa4 Rcxc4 33. c3 Rd2+
34. Kg3 Bc6 35. Rd1 Rxd1 36. Rxd1 Bxa4 37. Rd6 Bd7 38. Rd3 Bc6 39. Ba5 Kf7 40.
Bb6 Ke6 41. Ba5 Bd5 42. h4 g6 43. Re3 h5 44. gxh5 gxh5 45. Rd3 Rf4 46. Bc7 b5
47. Bd8 Kd6 48. Bb6 Kc6 49. Ba5 Ra4 50. Bd8 Rf4 51. Ba5 Kc5 52. Bd8 Kc4 53. Re3
Kb3 54. Rd3 Ba8 55. Re3 Kc2 56. Kf2 e4 57. Kg3 Rxf3+ 58. Rxf3 exf3 59. Bxf6 a5
60. Bd4 a4 0-1